000 01696nab a22002537a 4500
999 _c5371
_d5371
003 OSt
005 20250306134527.0
008 190603e xxum|||| |||| 00| 0 spa d
040 _cPJ
100 _96405
_aLabombarda, Pablo M.
245 1 3 _aLa competencia bioética en niños, niñas y adolescentes en el final de la vida. El paradigma tradicional de la vulnerabilidad y una propuesta de superación /
_cPablo M. Labombarda.
260 _cCiudad Autónoma de Buenos Aires :
_aThomson Reuters La Ley,
_b2024.
300 _ap. 301-310.
500 _aCita Online: TR LALEY AR/DOC/1625/2024.
505 _aSumario: I. Introducción.— II. La autonomía como principio bioético y su proyección en las personas menores de edad.— III. Breve referencia histórico-legislativa argentina.— IV. La noción estática de vulnerabilidad en el campo de las personas menores de edad. Críticas.— V. Hacia un concepto dinámico y flexible de la vulnerabilidad en los/as menores de edad.— VI. El traspaso de los lineamientos precedentes a la decisión del rechazo de un tratamiento médico en riesgo de muerte.— VII. El trayecto que viene recorriendo la jurisprudencia en Argentina. Breve reseña.— VIII. Conclusiones.
505 _t¿Te interesa el texto completo? Solicitalo al correo: koha@justierradelfuego.gov.ar
650 0 _91253
_aDERECHO A LA SALUD
650 0 _94094
_aBIOÉTICA
650 0 _aTRATAMIENTO MÉDICO
_94418
650 0 _aASISTENCIA MÉDICA
_95365
650 0 _aSITUACIÓN DE VULNERABILIDAD
_94695
773 0 _02713
_93170
_dCiudad Autónoma de Buenos Aires : Thomson Reuters La Ley, 2015-
_tRevista Código Civil y Comercial. Nº 4 - Agosto 2024
942 _2udc
_cANA